《心经》填空 Fill in the blanks of the Heart Sutra - Statistics

General Stats
  • This quiz has been taken 31 times
  • The average score is 11 of 19
Answer Stats
《般若波罗蜜多心经》 % Correct
观{自在菩萨},行深般若波罗蜜多时
100%
照见{五蕴皆空},度一切苦厄。
89%
{舍利子},色不异空,空不异色。
75%
色即是空,空即是色。{受想行识},亦复如是。
71%
舍利子,是{诸法空相},不生不灭。不垢不净,不增不减。
64%
无眼界,乃至无{意识界}。
64%
远离{颠倒梦想},究竟涅槃(盘)。
64%
故说般若波罗蜜多咒。即说咒曰,揭谛揭谛,波罗揭谛。{波罗僧揭谛},菩提萨婆诃。
61%
无{眼耳鼻舌身意},
57%
无智亦无得,以{无所得}故。
54%
{心无挂碍},无挂碍故,无有恐怖。
54%
是无等等咒,能{除一切苦},真实不虚。
54%
是故{空中无色},无受想行识。
50%
无{色声香味触法}。
50%
{菩提萨埵},依般若波罗蜜多故。
50%
得阿耨多罗{三藐三菩提}。
50%
故知{般若波罗蜜多}。是大神咒,是大明咒,是无上咒。
50%
无无明,亦无无明尽。乃至无老死,亦无老死尽。无{苦集灭道},
46%
{三世诸佛},依般若波罗蜜多故。
43%
No matching quizzes found
Score Distribution
Percent of People with Each Score
Percentile by Number Answered
Your Score History
You have not taken this quiz